Apprendre l’allemand les transports - Statistiques

Statistiques générales
  • Ce quiz a été pris 9 fois
  • Le résultat moyen est 5 sur 28
Statistiques - réponses
Français Deutsch % Correct
La voiture Das Auto
100%
Le bus Der Bus
78%
Le bateau Das Boot / Das Schiff
56%
Le cheval Das Pferd
56%
L’avion Das Flugzeug
44%
Le train Der Zug
44%
Le métro Die U-Bahn
33%
La bicyclette / le vélo Das Fahrrad
22%
La moto Das Motorrad
22%
La voiture de police Das Polizeiauto
22%
La fusée Die Rakete
22%
L’ambulance Der Krankenwagen
11%
Le dromadaire Das Dromedar
0%
Le camion des pompiers Das Feuerwehrauto
0%
Le bateau de croisière Das Kreuzfahrtschiff
0%
La navette spatiale Das Spaceshuttle
0%
Le sous-marin Das Unterseeboot
0%
L’hydravion Das Wasserflugzeug
0%
Le train à grande vitesse (TGV) Der Hochgeschwindigkeitszug
0%
L’hélicoptère Der Hubschrauber
0%
La péniche Der Lastkahn / die Lastkähne
0%
Le camion Der Lastwagen
0%
Le scooter Der Motorroller
0%
La benne à ordures Der Müllwagen
0%
Le cars de tourisme Der Reisebus
0%
La pirogue Die Piroge
0%
La brouette Die Schubkarre
0%
Le tram Die Straßenbahn
0%
Aucun quiz correspondant
Distribution des résultats
% des personnes avec chaque résultat
Percentile par nombre de réponses
Votre historique - résultats
Vous n’avez pas pris ce quiz